000 00433nam a2200157Ia 4500
008 220803s9999 xx 000 0 und d
020 _a978-93-80658-32-2
041 _aeng
082 _a823 BHO/BHO
100 _aBhogle H
_928861
245 _aWinning Way : Learnings From Sport For Managers
260 _aMumbai
_bWestland Ltd
_c2011
300 _a196p
650 _aEnglish Literature
_928862
700 _aBhogle A Bhogle H
_928863
999 _c18188
_d18188